Insecure Gulf : (Record no. 18430)
[ view plain ]
| 000 -LEADER | |
|---|---|
| fixed length control field | 01086pam a2200301 a 4500 |
| 001 - CONTROL NUMBER | |
| control field | 015716918 |
| 003 - CONTROL NUMBER IDENTIFIER | |
| control field | OSt |
| 005 - DATE AND TIME OF LATEST TRANSACTION | |
| control field | 20141002114522.0 |
| 008 - FIXED-LENGTH DATA ELEMENTS--GENERAL INFORMATION | |
| fixed length control field | 101210s2011 xxk frb 001 0 eng d |
| 020 ## - INTERNATIONAL STANDARD BOOK NUMBER | |
| International Standard Book Number | 9781849041270 (pbk.) |
| 020 ## - INTERNATIONAL STANDARD BOOK NUMBER | |
| International Standard Book Number | 184904127X (pbk.) |
| 040 ## - CATALOGING SOURCE | |
| Original cataloging agency | StDuBDS |
| Language of cataloging | eng |
| Transcribing agency | StDuBDS |
| Modifying agency | Uk |
| -- | EG-ScBUE |
| 043 ## - GEOGRAPHIC AREA CODE | |
| Geographic area code | ap----- |
| 082 00 - DEWEY DECIMAL CLASSIFICATION NUMBER | |
| Classification number | 355.0330536 |
| Edition number | 22 |
| Item number | ULR |
| 100 1# - MAIN ENTRY--PERSONAL NAME | |
| Personal name | Ulrichsen, Kristian |
| 9 (RLIN) | 34763 |
| 245 10 - TITLE STATEMENT | |
| Title | Insecure Gulf : |
| Remainder of title | the end of certainty and the transition to the post-oil era / |
| Statement of responsibility, etc | Kristian Coates Ulrichsen. |
| 260 ## - PUBLICATION, DISTRIBUTION, ETC. (IMPRINT) | |
| Place of publication, distribution, etc | London : |
| Name of publisher, distributor, etc | Hurst & company, |
| Date of publication, distribution, etc | 2011. |
| 300 ## - PHYSICAL DESCRIPTION | |
| Extent | xii, 232 p. ; |
| Dimensions | 22 cm. |
| 500 ## - GENERAL NOTE | |
| General note | Index : p. 227-232. |
| 504 ## - BIBLIOGRAPHY, ETC. NOTE | |
| Bibliography, etc | Bibliography : p. 217-226. |
| 650 #0 - SUBJECT ADDED ENTRY--TOPICAL TERM | |
| Topical term or geographic name as entry element | National security |
| Geographic subdivision | Persian Gulf Region |
| 9 (RLIN) | 36144 |
| 651 #0 - SUBJECT ADDED ENTRY--GEOGRAPHIC NAME | |
| 9 (RLIN) | 36145 |
| Geographic name | Persian Gulf Region |
| General subdivision | Strategic aspects |
| 651 #0 - SUBJECT ADDED ENTRY--GEOGRAPHIC NAME | |
| 9 (RLIN) | 36146 |
| Geographic name | Persian Gulf Region |
| General subdivision | Economic conditions |
| Chronological subdivision | 21st century |
| 651 #0 - SUBJECT ADDED ENTRY--GEOGRAPHIC NAME | |
| 9 (RLIN) | 36147 |
| Geographic name | Persian Gulf Region |
| General subdivision | Politics and government |
| Chronological subdivision | 21st century |
| 653 ## - INDEX TERM--UNCONTROLLED | |
| Resource For college | BAEPS, Political Science |
| Arrived date list | October2014 |
| 655 ## - INDEX TERM--GENRE/FORM | |
| Form subdivision | |
| -- | 34232 |
| 942 ## - ADDED ENTRY ELEMENTS (KOHA) | |
| Source of classification or shelving scheme | Dewey Decimal Classification |
| Call number prefix | 355.0330536 ULR |
| Withdrawn status | Item status | Source of classification or shelving scheme | Damaged status | Not for loan | Vendor | Home library | Current library | Shelving location | Date acquired | Source of acquisition | Cost, normal purchase price | Total Checkouts | Total Renewals | Full call number | Barcode | Date last seen | Date last borrowed | Cost, replacement price | Koha item type |
|---|---|---|---|---|---|---|---|---|---|---|---|---|---|---|---|---|---|---|---|
| Dewey Decimal Classification | Baccah | Central Library | Central Library | First floor | 02/10/2014 | 260.00 | 4 | 24 | 355.0330536 ULR | 000036477 | 15/07/2025 | 27/11/2018 | 325.00 | Book - Borrowing | |||||
| Dewey Decimal Classification | Baccah | Central Library | Central Library | First floor | 02/10/2014 | 260.00 | 3 | 26 | 355.0330536 ULR | 000036478 | 15/07/2025 | 27/03/2018 | 325.00 | Book - Borrowing | |||||
| Dewey Decimal Classification | Baccah | Central Library | Central Library | First floor | 02/10/2014 | 260.00 | 1 | 20 | 355.0330536 ULR | 000036479 | 15/07/2025 | 21/10/2015 | 325.00 | Book - Borrowing |